| Tag |
First Indicator |
Second Indicator |
Subfields |
| LEADER |
00000cam a2200000Ia 4500 |
| 001 |
in00002641513 |
| 005 |
20151202114601.0 |
| 008 |
101119s2011 nyu 001 0 eng d |
| 020 |
|
|
|a 9780199793808
|
| 020 |
|
|
|a 0199793808
|
| 035 |
|
|
|a (OCoLC)ocn699803137
|
| 035 |
|
|
|a (OCoLC)699803137
|
| 040 |
|
|
|a TXA
|c TXA
|d UtOrBLW
|
| 049 |
|
|
|a TXAM
|
| 050 |
|
4 |
|a BF637.C45
|b P76 2011
|
| 100 |
1 |
|
|a Proctor, Russell F.
|
| 245 |
1 |
0 |
|a Now playing :
|b learning communication through film /
|c Russell F. Proctor II, Darin Garard, Ronald B. Adler.
|
| 246 |
3 |
0 |
|a Learning communication through film
|
| 250 |
|
|
|a 2011 ed.
|
| 264 |
|
1 |
|a New York :
|b Oxford University Press,
|c 2011.
|
| 300 |
|
|
|a v, 65 pages ;
|c 26 cm.
|
| 336 |
|
|
|a text
|b txt
|2 rdacontent
|
| 337 |
|
|
|a unmediated
|b n
|2 rdamedia
|
| 338 |
|
|
|a volume
|b nc
|2 rdacarrier
|
| 500 |
|
|
|a Includes index of communication concepts as well as a list of specific film scenes that demonstrate these concepts along with discussion questions.
|
| 650 |
|
0 |
|a Interpersonal communication
|x Study and teaching (Higher)
|
| 650 |
|
0 |
|a Communication
|x Study and teaching (Higher)
|
| 650 |
|
0 |
|a Communication in motion pictures.
|
| 650 |
|
0 |
|a Motion pictures in higher education.
|
| 700 |
1 |
|
|a Garard, Darin.
|
| 700 |
1 |
|
|a Adler, Ronald B.
|q (Ronald Brian),
|d 1946-
|
| 994 |
|
|
|a C0
|b TXA
|
| 948 |
|
|
|a cataloged
|b h
|c 2011/2/1
|d o
|e nbehmer
|f 11:19:35 am
|
| 999 |
|
|
|a MARS
|
| 999 |
f |
f |
|s 61dfc1fc-5259-300a-a8d1-3fa6fbc54824
|i b4297ed5-523c-365e-bbf7-720bdb2414c4
|t 0
|
| 952 |
f |
f |
|p ric
|a Texas A&M University
|b Rellis Campus
|c Joint Library Facility
|d Remote Storage
|t 0
|e BF637.C45 P76 2011
|h Library of Congress classification
|i unmediated -- volume
|m A14839350764
|
| 998 |
f |
f |
|a BF637.C45 P76 2011
|t 0
|l Remote Storage
|